| 000 | 00592nam a2200181Ia 4500 | ||
|---|---|---|---|
| 008 | 090201s9999 xx 000 0 und d | ||
| 010 | _aKPL-68030 | ||
| 040 | _bमराठी | ||
| 041 | _aमराठी | ||
| 082 |
_a46044 _b68030 |
||
| 100 | _aवासंती घैसास | ||
| 245 |
_aसाद ईशान्याभारताची _cवासंती घैसास |
||
| 250 | _a1 | ||
| 260 |
_c2005 _bस्नेहल प्रकाशन |
||
| 300 |
_a143 _bमोठा |
||
| 600 | _aसाद ईशान्याभारताची | ||
| 942 | _cBOOK | ||
| 999 |
_c242932 _d242932 |
||